000 00728nam a2200181Ia 4500
008 100920s9999 xx 000 0 und d
082 _b73811
_a200 थ 58
100 _aसंपादक-शेणोलीकर हरि श्रीधर.
245 _aज्ञानेशांची अमृतवाणी.
260 _bस्कूल व कॉलेज बुक स्टॉल , कोल्हापूर.
_c1958
300 _a230
_bसाधी
365 _b3
520 _aधार्मिक.
630 _aज्ञानेशांची अमृतवाणी.
650 _aधार्मिक.
730 _aज्ञानेशांची अमृतवाणी.
942 _cBOOK
999 _c715453
_d715450